Riešenie konkrétnych rozhodovacích úloh s využitím vhodných nástrojov poskytovaných manažérskym účtovníctvom diplomová práca

Salvato in:
Dettagli Bibliografici
Autore principale: Lászlóová, Ildikó
Ente Autore: Fakulta hospodárskej informatiky EU. Katedra účtovníctva a audítorstva
Altri autori: Antalová, Renáta
Natura: Libro
Lingua:slovacco
Pubblicazione: Bratislava 2018
Tags: Aggiungi Tag
Nessun Tag, puoi essere il primo ad aggiungerne!!

MARC

LEADER 00000nbm a2200000 4500
001 0243524
005 20181108091850.4
041 0 |a slo 
044 |a SK 
245 1 0 |a Riešenie konkrétnych rozhodovacích úloh s využitím vhodných nástrojov poskytovaných manažérskym účtovníctvom  |b diplomová práca  |c Ildikó Lászlóová ; školiteľ: Renáta Antalová 
264 1 |a Bratislava  |c 2018 
300 |a 61 s. 
100 1 |a Lászlóová, Ildikó 
700 1 |a Antalová, Renáta 
710 2 |a Fakulta hospodárskej informatiky EU. Katedra účtovníctva a audítorstva